000 01503cab a2200241 4500
001 ABS67630
008 040329n2004 000 0 eng u
035 _a(Sirsi) u125650
100 _aWalker, B.
245 4 _aThe performance of social landlords in Great Britain: what do we know and what does it show?
260 _c2004
490 _aHousing Studies
_v19(2) March 2004, 245-267(23)
520 _aStudies the factors that influence the performance of social landlords in the local authority and housing association sectors, the relative effectiveness of both sectors in delivering social housing services and why some landlords within each sector deliver better services than others. Discusses some of the broad issues involved in performance measurement in social housing and reviews previous work in the field. Presents and interprets the results of a limited empirical study attempting to explain the differences in measured performance of social landlords in England. Concludes by reflecting on the implications of performance and the current approaches to social landlord performance measurement. Tables covering comparative data from the empirical study. References. [Taken from journal abstract].
590 _aABS
650 _aSOCIAL LANDLORDS
650 _aLOCAL AUTHORITY HOUSING
650 _aHOUSING ASSOCIATIONS
650 _aREGISTERED SOCIAL LANDLORDS
650 _aPERFORMANCE MEASUREMENT
690 _aAffordable housing
_96215
700 _aMurie, A.
942 _n0
999 _c74319
_d74319